000
00306nam a22001217a 4500
008
180605b xxu||||| |||| 00| 0 eng d
041
_a
eng
080
_a
043.3
100
_a
0
101
_a
SHKI-MA
245
_a
Implementimi i IP telefonise ne ndermarrje te vogla dhe te mesme
_c
Sopa, G
942
_2
udc
_c
BK
999
_c
46319
_d
46319